000 00298nam a2200121Ia 4500
008 231129s9999||||xx |||||||||||||| ||spa||
040 _bspa
082 _a853 M238s
100 _aMalaparte Curzio seud.
245 0 _aSodoma y Gomorra
264 _aLuis de Caralt-Plaza y Janes
942 _2ddc
_cBKS
999 _c24782
_d24782